| 000 | 01178nam a2200289 c 4500 | ||
|---|---|---|---|
| 003 | BLK | ||
| 005 | 20180420234238.0 | ||
| 008 | 180410b bul|||||r ||||||| ||bul|| | ||
| 010 | _aKNG00162508000 | ||
| 040 | _aBLK | ||
| 041 |
_aBUL _cBUL |
||
| 080 |
_aПолитика. Вж и 341 ; 342 _b32 _x _z32 |
||
| 100 | 1 |
_aКънчев, Румен Иванов _eпърви автор _9299548 |
|
| 700 | 1 |
_aРангелов, Александър Любомиров _eсъавт. _9333007 |
|
| 139 |
_aКънчев, Румен Иванов _bК 96 |
||
| 245 | 1 | 0 |
_aПолитиката - метаморфози на властта _b8 политол. дискурса _cРумен Иванов Кънчев; съавт. Александър Любомиров Рангелов. |
| 257 | _aBGR | ||
| 260 |
_аСофия _bУнив. изд. Св. Климент Охридски _c1992 |
||
| 300 |
_a181 с. _c17 см |
||
| 380 | _a3 | ||
| 650 | 4 |
_aПолитика _9166818 |
|
| 852 | _aI 26182 | ||
| 856 | 4 |
_qpdf _u |
|
| 856 | 4 |
_qpdf _u |
|
| 942 |
_cKNG _n0 |
||
| 944 |
_aCR _c27.06.2014 _l27.06.2014 - от С1,Р / 27.06.2014 _kЛюбка_Николова |
||
| 944 |
_aED _c27.06.2014 _l27.06.2014 - от С1,Р / 27.06.2014 _k |
||
| 999 |
_c155780 _d155780 |
||